[Event "GRENKE Chess Open 2024"]
[Site "Karlsruhe"]
[Date "2024.03.31"]
[Round "7.6"]
[White "Ivic, Velimir"]
[Black "Mishra, Abhimanyu"]
[Result "1-0"]
[WhiteElo "2582"]
[BlackElo "2627"]
[Annotator "TA"]
[PlyCount "173"]
[EventDate "2024.03.28"]
[EventType "swiss"]
[EventCountry "GER"]
[SourceTitle "playchess.com"]
[Source "ChessBase"]
[SourceQuality "1"]

1. e4 e6 2. d4 d5 3. Nc3 Bb4 4. e5 c5 5. a3 Bxc3+ 6. bxc3 Ne7 7. Qg4 Qc7 8. Bd3 cxd4 9. Ne2 dxc3 10. Qxg7 Rg8 11. Qxh7 Qxe5 12. Bf4 Qf6 13. h4 Nd7 14. Bg5 Qh8 15. Qxh8 Rxh8 16. Nxc3 f6 17. Be3 a6 18. g4 e5 19. g5 f5 20. Ne2 e4 21. Bd4 Rg8 22. f4 exd3 23. cxd3 Nf8 24. h5 Bd7 25. Kd2 Kf7 26. Rag1 Rc8 27. Be5 Rc6 28. Nd4 Rb6 29. Rb1 Rxb1 30. Rxb1 Nc6 31. Nf3 b5 32. Rc1 Be8 33. Bb2 Ke6 34. h6 Ng6 35. Rh1 Nce7 36. h7 Rh8 37. Rh6 Ng8 38. hxg8=Q+ Rxg8 39. Nd4+ Kd7 40. Nxf5 Rf8 41. Rh7+ Rf7 42. Rxf7+ Bxf7 43. Nh6 Be8 44. f5 Nh4 45. g6 Nxg6 46. fxg6 Bxg6 47. Ng4 Kd6 48. Bd4 Bf5 49. Ne3 Bh7 50. Nc2 a5 51. Bc3 b4 52. axb4 axb4 53. Bxb4+ Ke5 54. Ke3 Bg6 55. Bc3+ Kd6 56. Kd4 Bh7 57. Bb4+ Kc6 58. Ne3 Bg6 59. Ba3 Bf7 60. Nf5 Be6 61. Ne7+ Kb5 62. Nxd5 Ka4 63. Bf8 Kb3 64. Ne3 Bg8 65. Ke5 Kc3 66. d4 Kd3 67. Nf5 Kc4 68. d5 Bxd5 69. Ne3+ Kc3 70. Kxd5 Kd3 71. Bc5 Ke2 72. Ke4 Kf2 73. Nf5+ Kg2 74. Kf4 Kf1 75. Ke3 Ke1 76. Ng3 Kd1 77. Kd3 Ke1 78. Bb6 Kd1 79. Ne4 Kc1 80. Bd4 Kb1 81. Kc3 Kc1 82. Nf2 Kb1 83. Kb3 Kc1 84. Be3+ Kb1 85. Ne4 Ka1 86. Bc5 Kb1 87. Ba3 1-0

[Event "GRENKE Chess Open 2024"]
[Site "Karlsruhe"]
[Date "2024.03.31"]
[Round "7.6"]
[White "Engel, Luis"]
[Black "Finek, Vaclav"]
[Result "1/2-1/2"]
[WhiteElo "2547"]
[BlackElo "2436"]
[Annotator "RC"]
[PlyCount "205"]
[EventDate "2024.03.28"]
[EventType "swiss"]
[EventCountry "GER"]
[SourceTitle "playchess.com"]
[Source "ChessBase"]
[SourceQuality "1"]

1. e4 e5 2. Nf3 Nf6 3. Nc3 Nc6 4. Bb5 Bb4 5. Be2 Bc5 6. Nd5 h6 7. d3 Bb6 8. c3 d6 9. a4 Be6 10. Nd2 a6 11. Nxb6 cxb6 12. Bf3 O-O 13. Nc4 Bxc4 14. dxc4 Qc7 15. Be3 Nd8 16. O-O Nd7 17. Qb3 Ne6 18. Rfd1 Rfd8 19. Rd2 Qc6 20. Be2 Nec5 21. f3 Nf6 22. Qa2 Ne8 23. Bf1 Kh7 24. Bf2 Kg8 25. b3 Ne6 26. Qc2 Rdc8 27. Rc1 Rd8 28. Qd1 Nc5 29. Ra1 Ne6 30. Qe1 Nc5 31. Ra3 Nc7 32. Qd1 Ne8 33. h3 Ne6 34. Kh2 Kf8 35. Be3 Ke7 36. Qe1 N8c7 37. Rda2 Rac8 38. Bf2 g5 39. Qe3 Qc5 40. Qe2 Qc6 41. Be3 Nf8 42. Qf2 Nd7 43. Ra1 Rg8 44. R3a2 Rg6 45. b4 Ne6 46. Rd1 Ng7 47. a5 bxa5 48. Rxa5 Ne6 49. Rad5 Nf6 50. c5 dxc5 51. Bxc5+ Ke8 52. Qg3 Qc7 53. Rxe5 Nh5 54. Rxe6+ Rxe6 55. Qxc7 Rxc7 56. Bc4 Rec6 57. Bd5 Rxc5 58. bxc5 Nf6 59. Rb1 Nxd5 60. exd5 Rxc5 61. Rxb7 Rxc3 62. Rb6 Rd3 63. Rxa6 Rxd5 64. Rxh6 Rd4 65. Rh5 f6 66. Rh7 Kf8 67. Kg3 Ra4 68. h4 Kg8 69. Rh5 gxh4+ 70. Rxh4 Ra2 71. Rb4 Kg7 72. Kh3 Kg6 73. g3 Ra3 74. Kg4 Ra5 75. f4 Rc5 76. Rb8 Ra5 77. f5+ Kg7 78. Rb4 Rc5 79. Kf4 Rc7 80. g4 Ra7 81. Kg3 Ra6 82. Rb7+ Kh6 83. Rf7 Ra3+ 84. Kh4 Ra6 85. Re7 Ra1 86. Rf7 Ra6 87. Rf8 Kg7 88. Re8 Ra1 89. Kg3 Ra7 90. Kf4 Ra4+ 91. Re4 Ra7 92. Rd4 Rb7 93. Ke4 Kh6 94. Rd8 Rb4+ 95. Kd5 Rxg4 96. Ke6 Ra4 97. Kxf6 Ra6+ 98. Ke5 Kg7 99. Rd7+ Kf8 100. Kf4 Rb6 101. Kg5 Ra6 102. f6 Ra1 103. Kg6 1/2-1/2

[Event "GRENKE Chess Open 2024"]
[Site "Karlsruhe"]
[Date "2024.03.31"]
[Round "7.6"]
[White "Niermann, Tristan"]
[Black "Karas, Marek"]
[Result "1/2-1/2"]
[WhiteElo "2422"]
[BlackElo "2212"]
[Annotator "RC"]
[PlyCount "32"]
[EventDate "2024.03.28"]
[EventType "swiss"]
[EventCountry "GER"]
[SourceTitle "playchess.com"]
[Source "ChessBase"]
[SourceQuality "1"]

1. e4 e6 2. d4 d5 3. Bd3 c5 4. exd5 exd5 5. Nf3 c4 6. Be2 Nf6 7. b3 cxb3 8. axb3 Nc6 9. O-O Be7 10. c4 O-O 11. Bb2 Bg4 12. h3 Bh5 13. Nc3 Bb4 14. cxd5 Bxc3 15. Bxc3 Nxd5 16. Bd2 Re8 1/2-1/2

[Event "GRENKE Chess Open 2024"]
[Site "Karlsruhe"]
[Date "2024.03.31"]
[Round "7.7"]
[White "Stalmach, Richard"]
[Black "Hong, Andrew"]
[Result "0-1"]
[WhiteElo "2436"]
[BlackElo "2542"]
[Annotator "TA"]
[PlyCount "81"]
[EventDate "2024.03.28"]
[EventType "swiss"]
[EventCountry "GER"]
[SourceTitle "playchess.com"]
[Source "ChessBase"]
[SourceQuality "1"]

1. d4 d5 2. c4 e6 3. Nf3 Nf6 4. Nc3 c6 5. e3 Nbd7 6. Qc2 Bd6 7. Bd3 O-O 8. O-O dxc4 9. Bxc4 b5 10. Bd3 Bb7 11. a3 a5 12. e4 e5 13. h3 exd4 14. Nxd4 Re8 15. Nf5 Bf8 16. Bf4 b4 17. Ne2 b3 18. Qb1 c5 19. Neg3 Rc8 20. Ne3 Nb6 21. Rd1 Qe7 22. e5 Nfd5 23. Bxh7+ Kh8 24. Ngf5 Qe6 25. Nd6 g6 26. Bxg6 Qxg6 27. Qxg6 fxg6 28. Nxc8 Rxc8 29. Nxd5 Nxd5 30. Rxd5 Bxd5 31. Bd2 Be4 32. Re1 Bc2 33. Bxa5 c4 34. Bc3 Kg8 35. f4 Rd8 36. e6 Bg7 37. Re3 Bxc3 38. Rxc3 Rd1+ 39. Kf2 Bd3 40. Ke3 Rb1 41. Kd4 0-1

[Event "GRENKE Chess Open 2024"]
[Site "Karlsruhe"]
[Date "2024.03.31"]
[Round "7.8"]
[White "Krstulovic, Alex"]
[Black "Vavulin, Maxim"]
[Result "0-1"]
[WhiteElo "2431"]
[BlackElo "2538"]
[Annotator "RC"]
[PlyCount "114"]
[EventDate "2024.03.28"]
[EventType "swiss"]
[EventCountry "GER"]
[SourceTitle "playchess.com"]
[Source "ChessBase"]
[SourceQuality "1"]

1. d4 g6 2. c4 Bg7 3. Nf3 d6 4. Nc3 Bg4 5. e4 Bxf3 6. gxf3 e5 7. dxe5 Bxe5 8. Be3 Nd7 9. Qd2 Bg7 10. O-O-O Ngf6 11. Be2 O-O 12. f4 a6 13. Kb1 Qb8 14. c5 b5 15. cxd6 b4 16. dxc7 Qxc7 17. Na4 Qa5 18. Qc2 Rac8 19. Qb3 Rfd8 20. f3 Bf8 21. e5 Nh5 22. e6 Nc5 23. exf7+ Kg7 24. Nxc5 Bxc5 25. Rd5 Nf6 26. Re5 Qb6 27. Re6 Qa7 28. Rxa6 Qe7 29. Bxc5 Rxc5 30. Re6 Qxf7 31. Re3 Qc7 32. Rd3 Re8 33. Qd1 Qxf4 34. Rd4 Qe3 35. Bc4 Rec8 36. Re1 Qf2 37. Re7+ Kh6 38. b3 Qxh2 39. Re6 Ra8 40. Qc1+ Rg5 41. Be2 Qg1 42. Rd1 Qg2 43. Rh1+ Nh5 44. Rh4 Raa5 45. Rxb4 Rac5 46. Qd2 Rcd5 47. Qc1 Rc5 48. Qd2 Rcd5 49. Qe3 Qh1+ 50. Kb2 Ng7 51. Ree4 Nf5 52. Qc1 Qh2 53. Qe1 Rg1 54. Qc3 Rgd1 55. Ka3 R1d2 56. Qc1 Qd6 57. Ka4 Qc6+ 0-1

[Event "GRENKE Chess Open 2024"]
[Site "Karlsruhe"]
[Date "2024.03.31"]
[Round "7.8"]
[White "Albert, Markus"]
[Black "Decuigniere, Tom"]
[Result "0-1"]
[WhiteElo "2264"]
[BlackElo "2402"]
[Annotator "TA"]
[PlyCount "83"]
[EventDate "2024.03.28"]
[EventType "swiss"]
[EventCountry "GER"]
[SourceTitle "playchess.com"]
[Source "ChessBase"]
[SourceQuality "1"]

1. e4 e5 2. Nf3 Nc6 3. Bb5 a6 4. Ba4 Nf6 5. O-O Be7 6. Re1 b5 7. Bb3 O-O 8. c3 d5 9. exd5 Nxd5 10. Nxe5 Nxe5 11. Rxe5 c6 12. d3 Bd6 13. Re1 Bf5 14. Qf3 Qd7 15. h3 Rae8 16. Bd2 Rxe1+ 17. Bxe1 Nf4 18. Nd2 Bb8 19. Ne4 Qxd3 20. Qxd3 Nxd3 21. Ng3 Bg6 22. a4 Re8 23. Bd2 Ba7 24. Nh1 Nc5 25. Bd1 Ne4 26. Be3 Bxe3 27. fxe3 Re6 28. axb5 cxb5 29. Bf3 Kf8 30. Nf2 Nxf2 31. Kxf2 Rd6 32. Ke1 Bc2 33. Bb7 Ba4 34. c4 Rb6 35. Bd5 Rd6 36. e4 Bc2 37. c5 Rg6 38. c6 Bxe4 39. c7 Bf5 40. Be4 Bc8 41. Bxg6 hxg6 42. Rd1 0-1

[Event "GRENKE Chess Open 2024"]
[Site "Karlsruhe"]
[Date "2024.03.31"]
[Round "7.8"]
[White "Schulze, Marc"]
[Black "Hacker, Jonas"]
[Result "0-1"]
[WhiteElo "2223"]
[BlackElo "2399"]
[Annotator "RC"]
[PlyCount "122"]
[EventDate "2024.03.28"]
[EventType "swiss"]
[EventCountry "GER"]
[SourceTitle "playchess.com"]
[Source "ChessBase"]
[SourceQuality "1"]

1. d4 Nf6 2. Bf4 d5 3. e3 e6 4. Nf3 Bd6 5. Bg3 O-O 6. Nbd2 c5 7. c3 Qc7 8. dxc5 Qxc5 9. Bd3 Nbd7 10. Qe2 h6 11. O-O Bxg3 12. hxg3 b6 13. e4 dxe4 14. Nxe4 Qc7 15. Rfd1 Bb7 16. Rac1 Rad8 17. Nd4 Bxe4 18. Bxe4 Nxe4 19. Qxe4 Nf6 20. Qc6 Qe5 21. Qa4 Qh5 22. Nf3 Qc5 23. Rxd8 Rxd8 24. Rd1 Rxd1+ 25. Qxd1 e5 26. Qe2 e4 27. Nd4 Qg5 28. Nb3 Qd5 29. Qd2 Qh5 30. Qd8+ Kh7 31. Qd4 Qe2 32. Qd2 Qc4 33. Qf4 Qe2 34. Qd2 Qb5 35. Nd4 Qd5 36. Nb3 Qe6 37. Qe2 g6 38. f3 Qf5 39. Kh2 Qh5+ 40. Kg1 Qg5 41. Kh2 h5 42. Nd2 exf3 43. gxf3 Kg7 44. Qf2 Qd5 45. b3 Qd3 46. Qd4 Qxd4 47. cxd4 Nd5 48. Nc4 Kf6 49. Kg2 Ke6 50. f4 Nb4 51. Kf3 Nxa2 52. Ke4 Nc3+ 53. Kd3 Nd5 54. Ne5 b5 55. Nc6 a6 56. Nd8+ Ke7 57. Nb7 f5 58. Nc5 a5 59. Nb7 a4 60. bxa4 bxa4 61. Kc4 Ne3+ 0-1

[Event "GRENKE Chess Open 2024"]
[Site "Karlsruhe"]
[Date "2024.03.31"]
[Round "7.9"]
[White "Horvath, Dominik"]
[Black "Abel, Dennes"]
[Result "1-0"]
[WhiteElo "2534"]
[BlackElo "2427"]
[Annotator "TA"]
[PlyCount "87"]
[EventDate "2024.03.28"]
[EventType "swiss"]
[EventCountry "GER"]
[SourceTitle "playchess.com"]
[Source "ChessBase"]
[SourceQuality "1"]

1. e4 c6 2. d4 d5 3. exd5 cxd5 4. c4 Nf6 5. Nc3 Nc6 6. Bg5 Be6 7. Be2 Qa5 8. Nf3 dxc4 9. O-O O-O-O 10. Qc1 Bg4 11. b4 Qf5 12. Nh4 Qd7 13. Bxc4 Kb8 14. d5 Nxb4 15. h3 Bh5 16. g4 Bg6 17. Rd1 Ka8 18. a3 Na6 19. Qe3 Rc8 20. Nb5 Nc5 21. Rac1 Nfe4 22. Bf4 Nd6 23. Bf1 b6 24. Nd4 Be4 25. Nc6 g5 26. Bxg5 h5 27. Ne5 Qb7 28. Nc4 Rg8 29. Bf4 Bh7 30. f3 hxg4 31. hxg4 Qd7 32. a4 Ncb7 33. Ne5 Qe8 34. Rxc8+ Qxc8 35. Rc1 Nc5 36. a5 Bg7 37. axb6 axb6 38. Nc6 Bb2 39. Ra1+ Bxa1 40. Qa3+ Na6 41. Bxa6 Rxg4+ 42. fxg4 Qxg4+ 43. Ng2 Bb2 44. Bb7+ 1-0

[Event "GRENKE Chess Open 2024"]
[Site "Karlsruhe"]
[Date "2024.03.31"]
[Round "7.9"]
[White "Braun, Georg"]
[Black "Bomans, Arno"]
[Result "1-0"]
[WhiteElo "2398"]
[BlackElo "2211"]
[Annotator "RC"]
[PlyCount "109"]
[EventDate "2024.03.28"]
[EventType "swiss"]
[EventCountry "GER"]
[SourceTitle "playchess.com"]
[Source "ChessBase"]
[SourceQuality "1"]

1. e4 e5 2. Nf3 Nf6 3. Nxe5 d6 4. Nf3 Nxe4 5. Nc3 Nf6 6. d4 Be7 7. Bg5 O-O 8. Qd2 Bf5 9. O-O-O d5 10. Qf4 Be6 11. Bd3 Re8 12. h4 c6 13. Bxf6 Bxf6 14. g4 Nd7 15. g5 Be7 16. h5 Nf8 17. Rdg1 Bd6 18. Ne5 Bxe5 19. dxe5 Qe7 20. g6 fxg6 21. hxg6 hxg6 22. Qh2 Kf7 23. Rxg6 Nxg6 24. Bxg6+ Kf8 25. Qh8+ Bg8 26. Rh5 Qxe5 27. Rxe5 Rxe5 28. Qh2 Re6 29. Bd3 Rae8 30. b4 a6 31. Kb2 b5 32. Qf4+ Bf7 33. Qd4 Kg8 34. Qg4 Rf6 35. Ne2 Rxf2 36. Nf4 Rh2 37. Qg5 Rh6 38. Ng6 Bxg6 39. Bxg6 Rf8 40. Qg4 Rxg6 41. Qxg6 Rf6 42. Qe8+ Kh7 43. Qh5+ Kg8 44. Qe5 Kf7 45. Kc3 Re6 46. Qf5+ Ke7 47. Kd4 Re4+ 48. Kc5 Rc4+ 49. Kb6 Kd6 50. Kxa6 g5 51. a3 g4 52. Kb6 Re4 53. Qf6+ Re6 54. Qf4+ Ke7 55. Qxg4 1-0

[Event "GRENKE Chess Open 2024"]
[Site "Karlsruhe"]
[Date "2024.03.31"]
[Round "7.10"]
[White "Divya Deshmukh"]
[Black "Gavrilescu, David"]
[Result "1/2-1/2"]
[WhiteElo "2424"]
[BlackElo "2524"]
[Annotator "TA"]
[PlyCount "36"]
[EventDate "2024.03.28"]
[EventType "swiss"]
[EventCountry "GER"]
[SourceTitle "playchess.com"]
[Source "ChessBase"]
[SourceQuality "1"]

1. c4 e6 2. Nc3 d5 3. d4 Nf6 4. Bg5 Be7 5. e3 O-O 6. Nf3 h6 7. Bxf6 Bxf6 8. Rc1 b6 9. cxd5 exd5 10. Bd3 Bb7 11. O-O Nd7 12. Qb3 c6 13. e4 dxe4 14. Bxe4 Re8 15. Bg6 Re6 16. Bf5 Re8 17. Bg6 Re6 18. Bf5 Re8 1/2-1/2

[Event "GRENKE Chess Open 2024"]
[Site "Karlsruhe"]
[Date "2024.03.31"]
[Round "7.10"]
[White "Hinterreiter, Markus"]
[Black "De Boer, Eelke"]
[Result "1-0"]
[WhiteElo "2260"]
[BlackElo "2395"]
[Annotator "TA"]
[PlyCount "105"]
[EventDate "2024.03.28"]
[EventType "swiss"]
[EventCountry "GER"]
[SourceTitle "playchess.com"]
[Source "ChessBase"]
[SourceQuality "1"]

1. Nf3 c5 2. e3 Nf6 3. b3 e6 4. Bb2 b6 5. d4 Bb7 6. Nbd2 Be7 7. Bd3 d5 8. O-O Nbd7 9. c4 O-O 10. Qe2 Ne4 11. cxd5 exd5 12. Ba6 Bxa6 13. Qxa6 Nxd2 14. Nxd2 Qc8 15. Qd3 Qc6 16. Rac1 Qg6 17. Qxg6 hxg6 18. dxc5 bxc5 19. Rfd1 Rfd8 20. Rc2 a5 21. Nb1 Nb6 22. Ba3 Rac8 23. Rdc1 Rd7 24. Kf1 f5 25. Ke2 Kf7 26. h4 Rdc7 27. Nc3 c4 28. Bxe7 cxb3 29. Bd6 bxc2 30. Bxc7 Rxc7 31. Kd3 Rc5 32. Rxc2 Nd7 33. f4 Nf6 34. Ne2 Rb5 35. Nd4 Rb1 36. Rc7+ Kg8 37. Ne6 Nh5 38. Ra7 Rb2 39. Rxa5 Nf6 40. Ra7 Rxg2 41. a4 Ng4 42. Ng5 Kf8 43. a5 Rg3 44. a6 Rxe3+ 45. Kd4 Ra3 46. Rf7+ Ke8 47. a7 Ra4+ 48. Kxd5 Nf6+ 49. Kc6 Rc4+ 50. Kb5 Rc8 51. Rxg7 Nd7 52. Rg8+ Nf8 53. Nh7 1-0

[Event "GRENKE Chess Open 2024"]
[Site "Karlsruhe"]
[Date "2024.03.31"]
[Round "7.10"]
[White "Hovhannisyan, Artur"]
[Black "Baumegger, Siegfried"]
[Result "1-0"]
[WhiteElo "2214"]
[BlackElo "2397"]
[Annotator "RC"]
[PlyCount "126"]
[EventDate "2024.03.28"]
[EventType "swiss"]
[EventCountry "GER"]
[SourceTitle "playchess.com"]
[Source "ChessBase"]
[SourceQuality "1"]

1. e4 c5 2. Nc3 e6 3. Nf3 Nc6 4. d4 cxd4 5. Nxd4 d6 6. Be3 Nf6 7. Be2 Be7 8. Qd2 O-O 9. O-O-O a6 10. g4 Nd7 11. h4 Nxd4 12. Qxd4 b5 13. g5 Rb8 14. f4 b4 15. Na4 e5 16. fxe5 Nxe5 17. b3 a5 18. Kb1 Bd7 19. Nb2 Qc7 20. Qd2 Bc6 21. Qd4 Qb7 22. Bd3 Rfe8 23. Rhf1 Bf8 24. Bg1 Nxd3 25. cxd3 d5 26. e5 Rbc8 27. Rc1 Bd7 28. h5 g6 29. h6 Bf5 30. Na4 Qb5 31. Rcd1 Re6 32. Kb2 Rec6 33. Rf2 Qb7 34. Re2 Qc7 35. Ree1 Rc2+ 36. Kb1 Qc6 37. Be3 Qb5 38. Bc1 R2c3 39. Nxc3 bxc3 40. Re2 a4 41. Qxa4 Bxd3+ 42. Rxd3 Qxd3+ 43. Rc2 Rc5 44. Qe8 Qf5 45. Qd8 Qe6 46. Be3 Rc8 47. Qf6 Qg4 48. e6 Qxe6 49. Bd4 Qe1+ 50. Rc1 c2+ 51. Kb2 Ba3+ 52. Kxa3 Qxc1+ 53. Ka4 Qa3+ 54. Kxa3 c1=Q+ 55. Ka4 Qc6+ 56. Qxc6 Rxc6 57. Kb5 Rc1 58. a4 f5 59. a5 Rb1 60. b4 Rb3 61. a6 f4 62. Bb6 Rc3 63. a7 Rc8 1-0

[Event "GRENKE Chess Open 2024"]
[Site "Karlsruhe"]
[Date "2024.03.31"]
[Round "7.11"]
[White "Sofronie, Iulian"]
[Black "Fishchuk, Vladyslav"]
[Result "0-1"]
[WhiteElo "2395"]
[BlackElo "2203"]
[Annotator "RC"]
[PlyCount "61"]
[EventDate "2024.03.28"]
[EventType "swiss"]
[EventCountry "GER"]
[SourceTitle "playchess.com"]
[Source "ChessBase"]
[SourceQuality "1"]

1. d4 d5 2. Bf4 c5 3. e3 Nc6 4. c3 Qb6 5. Qb3 c4 6. Qc2 e5 7. dxe5 Bf5 8. Qc1 g5 9. Bg3 Bg7 10. Nf3 h5 11. h4 g4 12. Nd4 Nge7 13. Nd2 Nxe5 14. Bxe5 Bxe5 15. g3 Rc8 16. Be2 Qd6 17. Rg1 O-O 18. Nxf5 Nxf5 19. Qc2 Ne7 20. e4 Qg6 21. f4 Bg7 22. O-O-O d4 23. Nxc4 b5 24. Ne5 Bxe5 25. fxe5 dxc3 26. b3 Qb6 27. Kb1 Rfd8 28. Rxd8+ Rxd8 29. Rd1 b4 30. Rxd8+ Qxd8 31. Bc4 0-1

[Event "GRENKE Chess Open 2024"]
[Site "Karlsruhe"]
[Date "2024.03.31"]
[Round "7.11"]
[White "Pasti, Aron"]
[Black "Tiglon, Bryce"]
[Result "1/2-1/2"]
[WhiteElo "2373"]
[BlackElo "2509"]
[Annotator "TA"]
[PlyCount "89"]
[EventDate "2024.03.28"]
[EventType "swiss"]
[EventCountry "GER"]
[SourceTitle "playchess.com"]
[Source "ChessBase"]
[SourceQuality "1"]

1. e4 e6 2. d4 d5 3. Nc3 Nf6 4. e5 Nfd7 5. Nce2 c5 6. c3 Nc6 7. f4 Qb6 8. Nf3 f6 9. g3 cxd4 10. Nexd4 fxe5 11. fxe5 Nc5 12. Be3 Ne4 13. Bd3 Bc5 14. O-O O-O 15. Qc2 Bd7 16. Bxe4 dxe4 17. Qxe4 Nxd4 18. Bxd4 Bc6 19. Bxc5 Qxc5+ 20. Qd4 Qb5 21. c4 Qb4 22. a3 Qb3 23. Nd2 Qc2 24. Rac1 Qg6 25. Rxf8+ Rxf8 26. Rf1 Rxf1+ 27. Kxf1 Qf5+ 28. Ke1 h6 29. h4 Qh3 30. Qd8+ Kf7 31. Qd4 Qh1+ 32. Ke2 a6 33. Qe3 Kg8 34. Kd3 Qd1 35. Qd4 Qe1 36. Qf4 Qc1 37. Qg4 Kf7 38. Qd4 Kg8 39. Qc3 Qd1 40. Kd4 Qg1+ 41. Qe3 Qd1 42. Qc3 Qg1+ 43. Qe3 Qc1 44. b4 b6 45. Qc3 1/2-1/2

[Event "GRENKE Chess Open 2024"]
[Site "Karlsruhe"]
[Date "2024.03.31"]
[Round "7.11"]
[White "Werthebach, Felix"]
[Black "Monroy, Charles"]
[Result "0-1"]
[WhiteElo "2260"]
[BlackElo "2393"]
[Annotator "RC"]
[PlyCount "84"]
[EventDate "2024.03.28"]
[EventType "swiss"]
[EventCountry "GER"]
[SourceTitle "playchess.com"]
[Source "ChessBase"]
[SourceQuality "1"]

1. c4 e6 2. g3 d5 3. Bg2 Nf6 4. Nf3 dxc4 5. O-O Nbd7 6. b3 cxb3 7. Qxb3 Be7 8. Ba3 c5 9. d4 O-O 10. Rd1 Qc7 11. Nc3 a6 12. Rac1 c4 13. Qb2 Bxa3 14. Qxa3 Rb8 15. d5 exd5 16. Nxd5 Nxd5 17. Rxd5 Nf6 18. Rd6 b5 19. Rcd1 Rb6 20. Rxb6 Qxb6 21. Rd6 Qc7 22. Nd4 Rd8 23. Rxd8+ Qxd8 24. Qc5 h5 25. h3 Bd7 26. a3 Qf8 27. Qb4 Qc8 28. Qc3 Bxh3 29. Bc6 Bd7 30. Bg2 Qc5 31. e3 Qc7 32. Nb3 Bc6 33. Na5 Bxg2 34. Kxg2 Ne4 35. Qd4 Nxf2 36. Kxf2 Qxa5 37. Qc5 Qd2+ 38. Kf3 Qd8 39. a4 bxa4 40. Qxc4 Qf6+ 41. Kg2 a3 42. Kg1 g6 0-1

[Event "GRENKE Chess Open 2024"]
[Site "Karlsruhe"]
[Date "2024.03.31"]
[Round "7.12"]
[White "Mladek, Richard"]
[Black "Kocharin, Timur"]
[Result "1/2-1/2"]
[WhiteElo "2393"]
[BlackElo "2259"]
[Annotator "RC"]
[PlyCount "84"]
[EventDate "2024.03.28"]
[EventType "swiss"]
[EventCountry "GER"]
[SourceTitle "playchess.com"]
[Source "ChessBase"]
[SourceQuality "1"]

1. d4 Nf6 2. c4 e6 3. Nc3 Bb4 4. e3 c5 5. Nge2 d5 6. a3 Ba5 7. cxd5 cxd4 8. exd4 Nxd5 9. Qd3 O-O 10. b4 Bb6 11. Bb2 Nxc3 12. Qxc3 Nd7 13. g3 a5 14. Bg2 axb4 15. axb4 Rxa1+ 16. Bxa1 Nf6 17. O-O Nd5 18. Qb3 Qd6 19. b5 Rd8 20. Bb2 Bd7 21. Ba3 Qb8 22. Bc5 Qc7 23. Rc1 Be8 24. h4 h6 25. Kh2 Kh8 26. Bxd5 Rxd5 27. Qb4 Kg8 28. Nc3 Rh5 29. Bxb6 Qxb6 30. Kg1 Bc6 31. Qd6 Rxb5 32. Nxb5 Qxb5 33. Ra1 Qf5 34. Qf4 Qd5 35. f3 Qxf3 36. Qxf3 Bxf3 37. Kf2 Bd5 38. Ra8+ Kh7 39. h5 g6 40. hxg6+ Kxg6 41. Rb8 h5 42. Ke3 f6 1/2-1/2

[Event "GRENKE Chess Open 2024"]
[Site "Karlsruhe"]
[Date "2024.03.31"]
[Round "7.12"]
[White "Janeczko, Jakub"]
[Black "Kramer, Julian"]
[Result "1/2-1/2"]
[WhiteElo "2278"]
[BlackElo "2469"]
[Annotator "TA"]
[PlyCount "86"]
[EventDate "2024.03.28"]
[EventType "swiss"]
[EventCountry "GER"]
[SourceTitle "playchess.com"]
[Source "ChessBase"]
[SourceQuality "1"]

1. e4 c5 2. d3 e6 3. g3 d5 4. Nd2 Nc6 5. Bg2 Nf6 6. Ngf3 Be7 7. O-O O-O 8. Re1 Rb8 9. e5 Nd7 10. Nf1 b5 11. h4 Qc7 12. Bf4 Bb7 13. N1h2 Rfc8 14. h5 b4 15. Ng4 Qd8 16. h6 g6 17. Qc1 a5 18. Bg5 Nd4 19. Bxe7 Nxf3+ 20. Bxf3 Qxe7 21. Qf4 c4 22. d4 c3 23. b3 a4 24. Be2 Bc6 25. Bd3 Ra8 26. Kg2 axb3 27. axb3 Ra3 28. Rac1 Qd8 29. Qe3 Rb8 30. Qf3 Qe7 31. Qe3 Bb5 32. Bxb5 Rxb5 33. Qf4 Rba5 34. Re3 Ra1 35. Ree1 R1a2 36. Re2 Ra1 37. Ree1 Rxc1 38. Rxc1 Kf8 39. Qe3 Ke8 40. Qf4 Ra8 41. Kf1 Kd8 42. Kg2 Kc7 43. Kf1 Kb7 1/2-1/2

[Event "GRENKE Chess Open 2024"]
[Site "Karlsruhe"]
[Date "2024.03.31"]
[Round "7.12"]
[White "Akhras, Khaled"]
[Black "Faerber, David"]
[Result "1/2-1/2"]
[WhiteElo "2213"]
[BlackElo "2394"]
[Annotator "RC"]
[PlyCount "92"]
[EventDate "2024.03.28"]
[EventType "swiss"]
[EventCountry "GER"]
[SourceTitle "playchess.com"]
[Source "ChessBase"]
[SourceQuality "1"]

1. d4 Nf6 2. Nf3 d5 3. c4 c6 4. e3 Bf5 5. Bd3 Bxd3 6. Qxd3 e6 7. Nc3 Bb4 8. Bd2 O-O 9. a3 Bxc3 10. Bxc3 a6 11. O-O b5 12. b3 Nbd7 13. a4 Qb6 14. Rfc1 Rfc8 15. Be1 Rab8 16. h3 h6 17. axb5 axb5 18. Ra5 Ra8 19. Rca1 Rxa5 20. Rxa5 Rb8 21. c5 Qd8 22. Qb1 Ra8 23. Ra2 Ne8 24. Qa1 Rxa2 25. Qxa2 Nc7 26. Qa5 f6 27. Bc3 Qc8 28. Ne1 e5 29. Nd3 exd4 30. Bxd4 Qb7 31. Nf4 Kf7 32. h4 Ne6 33. Nxe6 Kxe6 34. Qd8 Qb8 35. Qa5 Qb7 36. Qd8 Qb8 37. Qa5 Qc8 38. Qa7 h5 39. f3 g6 40. Kf2 Ke7 41. b4 f5 42. g3 Kd8 43. Qa5+ Qc7 44. Qa6 Qc8 45. Qa5+ Qc7 46. Qa6 Qc8 1/2-1/2

[Event "GRENKE Chess Open 2024"]
[Site "Karlsruhe"]
[Date "2024.03.31"]
[Round "7.13"]
[White "Sarana, Alexey"]
[Black "Weishaeutel, Moritz"]
[Result "1-0"]
[WhiteElo "2699"]
[BlackElo "2378"]
[Annotator "TA"]
[PlyCount "59"]
[EventDate "2024.03.28"]
[EventType "swiss"]
[EventCountry "GER"]
[SourceTitle "playchess.com"]
[Source "ChessBase"]
[SourceQuality "1"]

1. d4 d5 2. c4 e6 3. Nf3 c5 4. cxd5 exd5 5. Nc3 Nf6 6. Bg5 Be6 7. e3 c4 8. Bxf6 Qxf6 9. a3 Nc6 10. g3 Bd6 11. Bg2 O-O 12. Nd2 Rfd8 13. O-O Bf8 14. b3 Na5 15. bxc4 dxc4 16. Qa4 Nb3 17. Rad1 Nxd2 18. Rxd2 Qe7 19. Rb1 Rd7 20. Ra2 Rc7 21. Qc2 a6 22. a4 Rb8 23. a5 h5 24. h4 g5 25. Rb6 Qd8 26. d5 Bc8 27. hxg5 Qxg5 28. Ne4 Qg7 29. Nf6+ Kh8 30. d6 1-0

[Event "GRENKE Chess Open 2024"]
[Site "Karlsruhe"]
[Date "2024.03.31"]
[Round "7.13"]
[White "Muckle, Julius"]
[Black "Kracht, Raphael"]
[Result "1-0"]
[WhiteElo "2389"]
[BlackElo "2190"]
[Annotator "RC"]
[PlyCount "152"]
[EventDate "2024.03.28"]
[EventType "swiss"]
[EventCountry "GER"]
[SourceTitle "playchess.com"]
[Source "ChessBase"]
[SourceQuality "1"]

1. d4 Nf6 2. c4 e6 3. Nf3 d5 4. Nc3 dxc4 5. e4 Bb4 6. Bxc4 Nxe4 7. O-O Nxc3 8. bxc3 Be7 9. Ne5 O-O 10. Re1 Nc6 11. Qg4 f5 12. Qf3 Nxe5 13. Rxe5 Bd6 14. Rxf5 Rxf5 15. Qxf5 Qf6 16. Qe4 Rb8 17. Bd2 b5 18. Bd3 g6 19. h4 Bd7 20. Bg5 Qf7 21. Rb1 a6 22. c4 Rf8 23. Qe2 c5 24. Bh6 Rb8 25. dxc5 Bxc5 26. Be3 Bxe3 27. Qxe3 Bc6 28. h5 Rf8 29. Qg3 bxc4 30. hxg6 hxg6 31. Bxc4 Be4 32. Re1 Bd5 33. Bd3 Kg7 34. Re5 Qf6 35. Bxg6 Qf4 36. Rg5 Qxg3 37. Rxg3 Rd8 38. Be4+ Kf6 39. Rd3 Ke5 40. Bxd5 exd5 41. Ra3 Rd6 42. Kf1 Kd4 43. Ke2 Rg6 44. g4 Kc4 45. Rg3 d4 46. g5 Kd5 47. Kd3 Ke5 48. Rg4 Kf5 49. f3 Ke5 50. Re4+ Kf5 51. f4 Rb6 52. Rxd4 Rb2 53. Ra4 Rb1 54. Ke2 a5 55. Ke3 Re1+ 56. Kf2 Rb1 57. Ke3 Re1+ 58. Kd2 Rg1 59. a3 Rg2+ 60. Ke3 Rg3+ 61. Kf2 Rb3 62. Rxa5+ Kxf4 63. g6 Rf3+ 64. Ke2 Rg3 65. Ra6 Ke4 66. Kf2 Rg5 67. a4 Rg4 68. a5 Rg5 69. Re6+ Kd5 70. Rf6 Ke5 71. Rb6 Rf5+ 72. Ke3 Rf8 73. g7 Rg8 74. Rb7 Kd5 75. a6 Kc6 76. Kf4 Kd5 1-0